000
00332nam a22001457a 4500
008
210226b ||||| |||| 00| 0 eng d
020
_a
9780132824873
041
_a
eng
080
_2
2nd
_a
51
082
_a
51
100
_a
37
101
_a
MAT
245
_a
Teaching Student-Centered Mathematics
_c
Walle, J.A.V
942
_2
udc
_c
BK
999
_c
55260
_d
55260